| 000 | 00934cam a2200217 4500 | ||
|---|---|---|---|
| 001 | ABS61323 | ||
| 008 | 000000n1999 000 0 eng u | ||
| 035 | _a(Sirsi) u101185 | ||
| 100 | _aHughes, S. | ||
| 245 | _aWhen is a construction operation not a construction operation? | ||
| 260 | _c1999 | ||
| 490 |
_aBuilding Trade and Industry _v15(10) October 1999, 7(1) |
||
| 520 | _aThe Technology and Construction Court has made its first decision in the case "Palmers Ltd v ABB Power" on what defines a construction contract under the Housing Grants Construction and Regeneration Act 1996. Gives details of the case. | ||
| 590 | _aABS | ||
| 650 | _aBUILT ENVIRONMENT-BUILDING CONTRACT FORMS | ||
| 650 | _aHOUSING GRANTS CONSTRUCTION AND REGENERATION ACT 1996 | ||
| 650 | _aPALMERS LTD V A B B POWER CONSTRUCTION LTD | ||
| 650 | _aCONSTRUCTION OPERATIONS | ||
| 690 | _aBUILT ENVIRONMENT-BUILDING CONTRACT FORMS | ||
| 942 | _n0 | ||
| 999 |
_c60348 _d60348 |
||